000 00931nam a2200289Ia 4500
008 191130s2006##################000#0#eng##
020 _a9781403918291
022 _a2006041002
040 _aACL
_cACL
082 _a420.9 SVA
100 _aSvartvik, Jan
245 _aEnglish : one tongue, many voices
_cJan Svartvik and Geoffrey Leech
250 _a1st ed
260 _aBasingstoke, Hampshire
_bPalgrave Macmillan
_c2006
300 _axvi, 287 p. : ill., maps ; 24 cm
500 _aIncludes bibliographical references and indexes
650 _aCommunication, International
650 _aCulture and globalization
650 _aEnglish language - History
650 _aEnglish language - Variation
650 _aEnglish language - Variation - Foreign countries
650 _aGlobalization
700 _aLeech, Geoffrey N
990 _adf8332ecac10000c77104a6158d7ce78
991 _a371981
999 _c161839
_d161839